000
00267pab a2200109 454500
008
180718b xxu||||| |||| 00| 0 eng d
100
_a
Wadhva, Kiran
245
_a
Designing a housing subsidy programme
650
_a
Housing
773
_a
Financial Express
909
_a
21793
999
_c
21793
_d
21793